| 000 | 00716nam a2200181Ia 4500 | ||
|---|---|---|---|
| 005 | 20250423100830.0 | ||
| 008 | 250422s9999 xx 000 0 und d | ||
| 020 | _a9780821344446 | ||
| 050 | _aHV 640 .R57/ | ||
| 100 | _aEdited by Michael M. Cernea & Christopher McDowell | ||
| 245 | 0 | _aRisks and reconstruction: experiences of resettlers and refugees | |
| 260 | _aWashington D.C. | ||
| 260 | _bThe World Bank | ||
| 260 | _c2000 | ||
| 300 | _a487 p | ||
| 650 | _aRefugees--Developing countries. Forced migration--Developing countries. Land settlement--Developing countries. Relocation (Housing)--Developing countries. Rehabilitation--Developing countries. Economic development--Social aspects. | ||
| 942 | _cBK | ||
| 999 |
_c34472 _d34472 |
||